Central Library OPAC University of Rajshahi

Man at the crossroads / (Record no. 33663)

MARC details
000 -LEADER
fixed length control field 00806cam a22002531 4500
001 - CONTROL NUMBER
control field 33663
003 - CONTROL NUMBER IDENTIFIER
rucl marc code BD-RjUL
005 - DATE AND TIME OF LATEST TRANSACTION
control field 20211209052036.0
008 - FIXED-LENGTH DATA ELEMENTS--GENERAL INFORMATION
fixed length control field 140510t19681957nyu b 001 0 eng
035 ## - SYSTEM CONTROL NUMBER
System control number (BD-RjUL)33754
040 ## - CATALOGING SOURCE
Original cataloging agency DLC
Transcribing agency DLC
Modifying agency BD-RjUL
Language of cataloging eng
041 1# - LANGUAGE CODE
Language code of text/sound track or separate title eng
Language code of original spa
082 00 - DEWEY DECIMAL CLASSIFICATION NUMBER
Classification number 109
Author mark and year MOM 1968
100 1# - MAIN ENTRY--PERSONAL NAME
Personal name Mora, José Ferrater,
Dates associated with a name 1912-1991.
9 (RLIN) 102211
245 10 - TITLE STATEMENT
Title Man at the crossroads /
Statement of responsibility, etc. Translated from the Spanish by Willard R. Trask.
260 ## - PUBLICATION, DISTRIBUTION, ETC. (IMPRINT)
Place of publication, distribution, etc. New York :
Name of publisher, distributor, etc. Greenwood Press,
Date of publication, distribution, etc. c1957 [Reprinted 1968].
300 ## - PHYSICAL DESCRIPTION
Pagination vi, 252 p. ;
Size 23 cm.
500 ## - GENERAL NOTE
General note Translation of El hombre en la encrucijada.
504 ## - BIBLIOGRAPHY, ETC. NOTE
Bibliography, etc Includes bibliographical references and index.
650 #0 - SUBJECT ADDED ENTRY--TOPICAL TERM
Topical term or geographic name as entry element Philosophy
General subdivision History.
9 (RLIN) 102212
942 ## - ADDED ENTRY ELEMENTS (KOHA)
Source of classification or shelving scheme Dewey Decimal Classification
Koha item type Books
Holdings
Lost status Source of classification or shelving scheme Damaged status Not for loan Collection code Permanent Location Current Location Shelving location Date acquired Source of acquisition Total Checkouts Full call number Date last seen Copy number Koha item type
  Dewey Decimal Classification   Not For Loan Non-fiction Central Library, University of Rajshahi Central Library, University of Rajshahi Reading Room 17/11/1970 Sweet & Zeitlinger   109 MOM 1968 10/05/2014 C-1 Books